00000000nam##2200000za#4500
0019.668400
003CaOODSP
00520210615124134
007ta
008150407|2007||||xxc|||||     f|0| 0 fre|d
020 |a978-0-662-49856-8
040 |aCaOODSP|bfre
041 |aeng
041 |afre
043 |an-cn---
0861 |aH21-287/2007
1101 |aCanada.|bSanté Canada. |bDirection générale de la politique de la santé.
24510|aPour un nouveau leadership en matière d'amélioration des services de santé en français : |brapport au ministre fédéral de la Santé / |cPrésenté par Le Comité consultatif des communautés francophones en situation minoritaire.
260 |aOttawa - Ontario : |bSanté Canada. |c2007.
300 |aTexte français, [1], 58p. : |bcartes en couleur, graphiques, organigrammes, références, tableaux ; |c28 cm.
500 |a2e rapport du Comité. «En juin 2001, le Comité ... a déposé son premier rapport au ministre de la Santé, rapport intitulé Pour un meilleur accès à des services de santé en français.»--Page 2, Sommaire du rapport.
5203 |aCe rapport offre un résumé des progrès réalisés au cours des cinq dernières années en vue d’offrir des services de santé en français aux communautés francophones en situation minoritaire du Canada. Il renferme une mise en contexte sur l’importance des services de santé en français et la stratégie d’intervention fédérale retenue en 2001, et fournit des statistiques sur les activités financées. Le rapport renferme sept recommandations sur les priorités, la disponibilité des services en français, la participation de partenaires et de collectivités, et le financement.
563 |aCouverture souple
590 |a07-20|b2007-05-18
69107|aRégime de soins de santé|2gcpds
69107|aServices bilingues|2gcpds
7760#|tPour un nouveau leadership en matière d'amélioration des services de santé en français : |w(CaOODSP)9.633762
7760#|tTowards a new leadership for the improvement of health services in French : |w(CaOODSP)9.689351
791 |tTowards a new leadership for the improvement of health services in French : |eeng|w(CaOODSP)9.668399